Central Library OPAC University of Rajshahi

Theoretical foundations of psychology / (Record no. 29401)

MARC details
000 -LEADER
fixed length control field 00798nam a2200241 a 4500
001 - CONTROL NUMBER
control field 29401
003 - CONTROL NUMBER IDENTIFIER
rucl marc code BD-RjUL
005 - DATE AND TIME OF LATEST TRANSACTION
control field 20211209051417.0
008 - FIXED-LENGTH DATA ELEMENTS--GENERAL INFORMATION
fixed length control field 140403s1951 n 001 0 eng d
035 ## - SYSTEM CONTROL NUMBER
System control number CURL 020000305935(Edi) from mbc018
-- (BD-RjUL)29486
040 ## - CATALOGING SOURCE
Original cataloging agency BD-RjUL
Language of cataloging eng
Transcribing agency BD-RjUL
Modifying agency BD-RjUL
041 ## - LANGUAGE CODE
Language code of text/sound track or separate title eng
082 ## - DEWEY DECIMAL CLASSIFICATION NUMBER
Classification number 150
Author mark and year THE 1951
245 00 - TITLE STATEMENT
Title Theoretical foundations of psychology /
Statement of responsibility, etc. edited by Harry Helson ; in association with S. Howard Bartley ... [et al.]
260 ## - PUBLICATION, DISTRIBUTION, ETC. (IMPRINT)
Place of publication, distribution, etc. Toronto :
Name of publisher, distributor, etc. Van Nostrand Co,
Date of publication, distribution, etc. 1951.
300 ## - PHYSICAL DESCRIPTION
Pagination xix, 787 p :
Illustrations ill
504 ## - BIBLIOGRAPHY, ETC. NOTE
Bibliography, etc Includes index.
650 #0 - SUBJECT ADDED ENTRY--TOPICAL TERM
Topical term or geographic name as entry element Psychology
9 (RLIN) 89663
700 1# - ADDED ENTRY--PERSONAL NAME
Personal name Helson, Harry,
Dates associated with a name 1898-1977.
Personal name S. Howard Bartley ... [et al.]
830 #0 - SERIES ADDED ENTRY--UNIFORM TITLE
Uniform title Textbooks on psychology
942 ## - ADDED ENTRY ELEMENTS (KOHA)
Source of classification or shelving scheme Dewey Decimal Classification
Koha item type Books
Holdings
Lost status Source of classification or shelving scheme Damaged status Not for loan Collection code Permanent Location Current Location Shelving location Date acquired Source of acquisition Cost, normal purchase price Total Checkouts Full call number Date last seen Copy number Koha item type
  Dewey Decimal Classification   Added to bundle Non-fiction Central Library, University of Rajshahi Central Library, University of Rajshahi Reading Room 13/02/1963 Zeitlinger 66.00   150 THE 1951 03/04/2014 C-1 Books